Advertising strategies of tourism and tourism related establishments in Tanay, Rizal / (Record no. 16983)
[ view plain ]
| 000 -LEADER | |
|---|---|
| fixed length control field | 00974nam a22002417i 4500 |
| 050 14 - LIBRARY OF CONGRESS CALL NUMBER | |
| Classification number | HF 6161.T63 |
| Item number | G7623 2006 |
| 003 - CONTROL NUMBER IDENTIFIER | |
| control field | URS |
| 005 - DATE AND TIME OF LATEST TRANSACTION | |
| control field | 20220117151149.0 |
| 008 - FIXED-LENGTH DATA ELEMENTS--GENERAL INFORMATION | |
| fixed length control field | 180110b xxu||||| |||| 00| 0 eng d |
| 100 1# - MAIN ENTRY--PERSONAL NAME | |
| Personal name | Gran, Mirah Sheer V, |
| Relator term | author |
| 260 #1 - PUBLICATION, DISTRIBUTION, ETC. | |
| Date of publication, distribution, etc. | 2006. |
| 245 10 - TITLE STATEMENT | |
| Title | Advertising strategies of tourism and tourism related establishments in Tanay, Rizal / |
| Statement of responsibility, etc. | Mirah Sheer V. Gran. |
| 300 ## - PHYSICAL DESCRIPTION | |
| Extent | xviii, 76 leaves ; |
| Other physical details | illustrations (some colour) : |
| Dimensions | 28 cm |
| 336 ## - CONTENT TYPE | |
| Source | rdacontent |
| Content type term | text |
| 337 ## - MEDIA TYPE | |
| Source | rdamedia |
| Media type term | unmediated |
| 338 ## - CARRIER TYPE | |
| Source | rdacarrier |
| Carrier type term | volume |
| 502 ## - DISSERTATION NOTE | |
| Dissertation note | Thesis |
| Degree type | Bachelor of Science in Tourism |
| Name of granting institution | University of Rizal System |
| Year degree granted | 2006 |
| 504 ## - BIBLIOGRAPHY, ETC. NOTE | |
| Bibliography, etc. note | Include bibliographical references. |
| 520 ## - SUMMARY, ETC. | |
| Summary, etc. | This study aimed to analyze the Advertising Strategies of Tourism and Tourism Related Establishments in Tanay, Rizal, Calendar year 2005. |
| 650 #0 - SUBJECT ADDED ENTRY--TOPICAL TERM | |
| Topical term or geographic name entry element | Advertising |
| General subdivision | Tourism |
| 700 1# - ADDED ENTRY--PERSONAL NAME | |
| Personal name | Macapagal, Dorcas S. |
| Relator term | degree supervisor |
| 942 ## - ADDED ENTRY ELEMENTS (KOHA) | |
| Source of classification or shelving scheme | Library of Congress Classification |
| Koha item type | Theses and dissertations |
| Withdrawn status | Source of classification or shelving scheme | Damaged status | Not for loan | Collection code | Home library | Current library | Shelving location | Date acquired | Total Checkouts | Full call number | Barcode | Date last seen | Price effective from | Koha item type |
|---|---|---|---|---|---|---|---|---|---|---|---|---|---|---|
| Library of Congress Classification | Non-fiction | Tanay College Library | Tanay College Library | Undergraduate Theses | 01/10/2018 | HF 6161.T63 G7623 2006 | URSTAN-UGT2614 | 07/06/2023 | 01/10/2018 | Theses and dissertations |